Normal view
MARC view
- Supervisor: Dr. Mudassir Iqbal
Entry Personal Name
001 - CONTROL NUMBER
- control field: 120189
003 - CONTROL NUMBER IDENTIFIER
- control field: NUST
005 - DATE AND TIME OF LATEST TRANSACTION
- control field: 20240131155456.0
008 - FIXED-LENGTH DATA ELEMENTS
- fixed length control field: 240131|| aca||aabn | a|a d
040 ## - CATALOGING SOURCE
- Original cataloging agency: NUST
- Transcribing agency: NUST
100 ## - HEADING--PERSONAL NAME
- Personal name: Supervisor: Dr. Mudassir Iqbal
670 ## - SOURCE DATA FOUND
- Source citation: Work cat.: (NUST): Rafique, Bushra 120188, Synthesis, Characterization, Molecular Docking Studies, and Biological Screening of Medicinal Compounds/
